AS Roma - Records - Statistics

General Stats
  • This quiz has been taken 46 times
    36 since last reset
  • The average score is 9 of 15
Answer Stats
Question Answer % Correct
How many Serie A titles has AS Roma won? 3
100%
How many Coppa Italia has AS Roma won? 9
87%
How many Coppa Italia Finals has AS Roma played? 17
84%
What is the number of consecutive victories from the beginning of the season, with which AS Roma set the Serie A record at the start of the 2013-14 season? 10
77%
How many European finals has AS Roma played in all competitions? 4
74%
How many times has AS Roma had the best team defensive record in Serie A? 6
71%
How many times has AS Roma had the best team scoring record in Serie A? 9
68%
What is the most frequent result for AS Roma in Serie A? (16 times) 6
61%
How many Serie A seasons has AS Roma participated in? 91
61%
How many Champions League has AS Roma participated in? 12
58%
How many goals has Francesco Totti scored for AS Roma in all competitions? 307
48%
What position does AS Roma occupy in the IFFHS Club World Ranking? (as of October 1, 2023) 19
45%
How many Coppa Italia editions has AS Roma participated in? 75
29%
How many games has Francesco Totti played for AS Roma in all competitions? 786
19%
With what score did AS Roma beat Altay Izmir in 1963, the largest victory ever for an Italian club in a European competition? 10-1
10%
No matching quizzes found
Score Distribution
Percent of People with Each Score
Percentile by Number Answered
Your Score History
You have not taken this quiz since the last reset